| 000 | 00697nam a2200193 i 4500 | ||
|---|---|---|---|
| 001 | 19895 | ||
| 003 | ES-MaACL | ||
| 007 | t| | ||
| 008 | 021025s1920 sp ||||1| spa d | ||
| 100 | 1 |
_aEspinosa, María. _947892 |
|
| 245 | 1 | 0 |
_aInfluencia del feminismo en la legislación contemporánea _b: conferencia / _cMaría Espinosa. |
| 260 |
_aMadrid : _bReus, _c1920. |
||
| 300 |
_a39 p. ; _c19 cm. |
||
| 490 | 1 |
_aPublicaciones de la Real Academia de Jurisprudencia y Legislación ; _v6 |
|
| 650 | 1 | 7 |
_aFeminismo y derecho _2embne _912752 |
| 830 | 0 |
_aPublicaciones de la Real Academia de Jurisprudencia y Legislación ; _v6 _9180630 |
|
| 852 |
_aES-MaACL _jL-5177 |
||
| 999 |
_c19895 _d19895 |
||